All 32 NHL Teams - Statistics

General Stats
  • This quiz has been taken 23 times
    12 since last reset
  • The average score is 23 of 32
Answer Stats
Answer % Correct
C Colorado Avalanche
90%
D Dallas Stars
90%
S San Jose Sharks
90%
U Utah Mammoth
90%
V Vancouver Canucks
90%
B Boston Bruins
80%
D Detroit Red Wings
80%
E Edmonton Oilers
80%
F Florida Panthers
80%
L Los Angeles Kings
80%
M Minnesota Wild
80%
W Washington Capitals
80%
W Winnipeg Jets
80%
B Buffalo Sabres
70%
C Calgary Flames
70%
C Carolina Hurricanes
70%
C Chicago Blackhawks
70%
C Columbus Blue Jackets
70%
M Montreal Canadiens
70%
N Nashville Predators
70%
N New Jersey Devils
70%
N New York Islanders
70%
N New York Rangers
70%
O Ottawa Senators
70%
P Philadelphia Flyers
70%
P Pittsburgh Penguins
70%
T Tampa Bay Lightning
70%
V Vegas Golden Knights
70%
S St. Louis Blues
60%
T Toronto Maple Leafs
60%
S Seattle Kraken
50%
A Anheim Ducks
0%
No matching quizzes found
Score Distribution
Percent of People with Each Score
Percentile by Number Answered
Your Score History
You have not taken this quiz since the last reset